Statistics for United Kingdom Global Cities

Click here to take the quiz!

General Stats

  • This quiz has been taken 84 times
  • The average score is 13 of 15

Answer Stats

HintAnswer% Correct
Beta-Edinburgh
100%
Alpha++London
100%
Gamma+Glasgow
99%
High SufficiencyLeeds
99%
Beta-Manchester
99%
High SufficiencyBirmingham
97%
SufficiencyLiverpool
96%
Gamma+Belfast
91%
SufficiencyCardiff
88%
SufficiencyNewcastle
86%
GammaBristol
85%
SufficiencySheffield
81%
SufficiencyNottingham
80%
SufficiencySouthampton
72%
SufficiencyAberdeen
64%

Score Distribution

Percentile by Number Answered

Percent of People with Each Score

Your Score History

You have not taken this quiz